Homological algebra /
Guardado en:
| Autor Principal: | |
|---|---|
| Otros Autores: | |
| Formato: | Libro |
| Idioma: | English |
| Publicado: |
Princeton, N.J. :
Princeton University Press,
1956.
|
| Series: | Princeton mathematical series ;
19 |
| Etiquetas: |
Agregar Etiqueta
Sin Etiquetas, Sea el primero en etiquetar este registro!
|
| LEADER | 00592nam a22001815a 4500 | ||
|---|---|---|---|
| 001 | MAT.inmabb000562 | ||
| 008 | 031118s1956####nju###########001#0#eng#d | ||
| 005 | 20150928165518.0 | ||
| 245 | 1 | 0 | |a Homological algebra / |c by Henri Cartan and Samuel Eilenberg. |
| 260 | |a Princeton, N.J. : |b Princeton University Press, |c 1956. | ||
| 300 | |a xv, 390 p. ; |c cm. | ||
| 440 | 0 | |a Princeton mathematical series ; |v 19 | |
| 510 | 4 | |a MR, |c 17,1040e | |
| 020 | |a 0691079773 (hbk.) | ||
| 100 | 1 | |a Cartan, Henri Paul, |d 1904- | |
| 700 | 1 | |a Eilenberg, Samuel. | |
| 084 | |a 18Gxx |2 msc2000 | ||
| 859 | |h 18 |i C322 |p A-367 |b BIB. MATEMATICA | ||
